000 04487namaa22004331i 4500
003 OSt
005 20260421141448.0
008 250827s2025 ua a|||frm||| 000 0 eng d
040 _aEG-GICUC
_bara
_cEG-GICUC
_dEG-GICUC
_erda
041 0 _aara
_bara
_beng
049 _aإيداع
082 0 4 _a332.673
092 _a332.673
_221
097 _aدكتوراه‎
099 _aCai01.18.06.Ph.D.2025.أس.د
100 0 _a،اسامه عبد الرحمن السيد محمد الألفي
_eإعداد.
245 1 0 _aدور الاقتصاد الأخضر في مواجهة أزمة الاستثمارات الأجنبية :
_bبالتطبيق على الهيئة العامة للاستثمار والمناطق الحرة /
_cإعداد اسامه عبد الرحمن السيد محمد الألفي؛ إشراف أ.د.السيد محمد خاطر، د. إيمان مصطفى مسلم.
246 1 5 _aThe role of the green economy in facing the foreign investment crisis :
_bBy applying it to the general authority for investment and free zones /
264 0 _c2025.
300 _a122 ورقة :
_bإيضاحيات ؛
_c30 سم. +
_eCD.
336 _atext
_2rda content
337 _aUnmediated
_2rdamedia
338 _avolume
_2rdacarrier
502 _aأطروحة (دكتوراه)-جامعة القاهرة، 2025.
504 _aببليوجرافيا: صفحات 108-116.
520 _aجاء هذا البحث بعنوان دور الاقتصاد الأخضر في مواجهة أزمة الاستثمارات الأجنبية (بالتطبيق على الهيئة العامة للاستثمار والمناطق الحرة).وظهرت فكرة الاقتصاد الأخضر نتيجة لأزمات متعددة تعرضت لها المنطقة العربية، وهدفها هو تحقيق تنمية اقتصادية، وشكّل الاقتصاد الأخضر الأسلوب الأحدث لتحقيق التنمية المستدامة، وظهر بقوة بعد الأزمة المالية العالمية 2008، ليضع أدوات عملية لتحقيق التنمية المستدامة بعيداً عن العموميات، ويقدم حلول عملية لمشكلات الفقر والبطالة واستنزاف الموارد مع الحفاظ على مستويات النمو الاقتصادي.تكمن أهمية هذا البحث في أنه يتناول أحد الموضوعات الهامة في القرن الحادي والعشرين وذلك لتوضيح أهمية ودور الاقتصاد الأخضر أو الاقتصاد البيئي، في مواجهة ازمة الاستثمارات الاجنبية، وكذلك إظهار دور الاقتصاد الأخضر في جذب الاستثمار الأجنبي، سواء بشكل مباشر وغير مباشر وأهميته للاقتصاد الوطني.
520 _aThis research is titled "The Role of the Green Economy in Addressing the Foreign Investment Crisis (A Case Study on the General Authority for Investment and Free Zones).The concept of the green economy emerged in response to various crises that affected the Arab region, with the aim of achieving economic development. The green economy has become the most modern approach to realizing sustainable development, gaining prominence following the 2008 global financial crisis. It introduced practical tools for achieving sustainable development, moving beyond generalities and offering real solutions to problems such as poverty, unemployment, and resource depletion, while maintaining economic growth
530 _aصدر أيضًا كقرص مدمج.
546 _aالنص بالعربية والملخص باللغة الإنجليزية والعربية.
650 7 _aالاستثمارات الأجنبية
_2qrmak
650 7 _aالاقتصاد الاخضر
653 0 _aالاقتصاد الأخضر
_aالاستثمارات الأجنبية
_aالهيئة العامة للاستثمار والمناطق الحرة
700 0 _aالسيد محمد خاطر
_eمشرف أطروحة.
700 0 _aإيمان مصطفى مسلم
_eمشرف أطروحة.
900 _b23-04-2025
_cالسيد محمد خاطر
_cإيمان مصطفى مسلم
_Uجامعة القاهرة
_Fكلية الدراسات العليا للبحوث الإحصائية
_Dقسم إدارة المخاطر والأزمات
905 _aSara
_eAfaf
942 _2ddc
_cTH
_e21
_n0
999 _c179226